Los orfanets (Record no. 164061)

MARC details
000 -LEADER
campo de control de longitud fija 00833nam a22001815i 4500
001 - NÚMERO DE CONTROL
campo de control 164061
003 - IDENTIFICADOR DE NÚMERO DE CONTROL
campo de control ES-MaACL
005 - FECHA Y HORA DE LA ÚLTIMA TRANSACCIÓN
campo de control 20250915063100.0
008 - DATOS DE LONGITUD FIJA--INFORMACIÓN GENERAL
campo de control de longitud fija 021008s1887 sp |||| | cat d
040 ## - FUENTE DE CATALOGACIÓN
Centro catalogador/agencia de origen CAM
Lengua de catalogación spa
Centro/agencia transcriptor CAM
100 1# - ENTRADA PRINCIPAL--NOMBRE DE PERSONA
Nombre de persona Rovira y Serra, Manuel,
Fechas asociadas al nombre 1865-1929
9 (RLIN) 132129
245 14 - MENCIÓN DEL TÍTULO
Título Los orfanets
Resto del título : quadro dramatich en un acte y en vers /
Mención de responsabilidad, etc. original de Manuel Rovira y Serra.
260 ## - PUBLICACIÓN, DISTRIBUCIÓN, ETC.
Lugar de publicación, distribución, etc. Barcelona :
Nombre del editor, distribuidor, etc. [s.n.],
Fecha de publicación, distribución, etc. 1887 (
Fabricante Estampa dels successors de N. Ramirez y cª)
300 ## - DESCRIPCIÓN FÍSICA
Extensión 24 p. ;
Dimensiones 21 cm.
500 ## - NOTA GENERAL
Nota general En port: "Estrenat ... en lo Teatro Principla la nit del 10 de mars de 1887"
852 ## - LOCALIZACIÓN
Ubicación ES-MaACL
Número de control de estantería G-3518(1)
Nota libre -- Enc. tela roja con hierros, falto de la enc. original
-- -- Ded. del autor a la Biblioteca del Ateneo de Madrid, Agosto 1926
-- -- Enc. en un vol. facticio
Holdings
Estatus retirado Estado de pérdida Estado de daño No para préstamo Colección Biblioteca de origen Biblioteca actual Ubicación en estantería Fecha de adquisición Fuente de adquisición Total de préstamos Signatura topográfica completa Código de barras Visto por última vez Precio de reemplazo Tipo de ítem Koha
        Libros del s. XIX Biblioteca del Ateneo de Madrid Biblioteca del Ateneo de Madrid Depósito 2 17/01/2008     G-3518(1) 1171944 23/02/2023 23/02/2023 Libro impreso antiguo